Name a country that... #4 - Statistics

General Stats
  • This quiz has been taken 88 times
  • The average score is 6 of 7
Answer Stats
Name a country that... # of correct options Countries % Correct
starts with the letter P 9 Pakistan/Poland/Palau/Panama/Papa New Guinea/Paraguay/Peru/Philippines/Portugal
99%
borders India 7 Bangladesh/China/Myanmar/Pakistan/Nepal/Bhutan/Afghanistan
94%
starts with the letter F 3 France/Finland/Fiji
94%
borders Russia 14 Norway/Finland/Estonia/Latvia/Lithuania/Poland/Belarus/Ukraine/Georgia/Azerbaijan/Kazakhstan/China/North Korea/Mongolia
93%
has a population of between 100 and 200 million 9 Russia/Bangladesh/Ethiopia/Mexico/Japan/Egypt/Philippines/DR Congo/Vietnam
83%
who's capital starts with the letter T 14 Albania/Bhutan/Estonia/Georgia/Iran/Honduras/Japan/Libya/Palau/Montenegro/Taiwan/Tajikistan/Uzbekistan/Tunisia
82%
that is majority christian and in Asia 5 Cyprus/Georgia/Armenia/Philippines/Timor-Leste
73%
No matching quizzes found
Score Distribution
Percent of People with Each Score
Percentile by Number Answered
Your Score History
You have not taken this quiz